[Event "AUT-chT2W 1415"]
[Site "Austria"]
[Date "2015.03.06"]
[Round "9.2"]
[White "Heinrich, Thomas1111"]
[Black "Thoma, Robert"]
[Result "1/2-1/2"]
[WhiteElo "2117"]
[BlackElo "2345"]
[PlyCount "48"]
[EventDate "2014.10.10"]
[EventType "team-tourn"]
[EventRounds "11"]
[EventCountry "AUT"]
[SourceTitle "EXT 2016"]
[Source "ChessBase"]
[SourceDate "2015.10.08"]
[SourceVersion "1"]
[SourceVersionDate "2015.10.08"]
[SourceQuality "1"]
[WhiteTeam "Innsbruck"]
[BlackTeam "Dornbirn"]
[WhiteTeamCountry "AUT"]
[BlackTeamCountry "AUT"]

1. e4 g6 2. Nf3 Bg7 3. Bc4 c5 4. 0-0 Nc6 5. Nc3 Nf6 6. d3 0-0 7. Be3 d6 8. h3 Na5 9. Bb3 Nxb3 10. axb3 a6 11. Qd2 Bd7 12. Bh6 e5 13. Bg5 Be6 14. Nh2 Qd7 15. Bxf6 Bxf6 16. Nd5 Qd8 17. Nxf6+ Qxf6 18. Ng4 Bxg4 19. hxg4 Qh4 20. f3 Rac8 21. Qe1 Qg5 22. Qc1 Qh4 23. Qe1 Qg5 24. Qc1 Qh4 1/2-1/2

[Event "AUT-chT2W 1415"]
[Site "Austria"]
[Date "2014.11.29"]
[Round "4.4"]
[White "Hertneck, Gerald"]
[Black "Thoma, Robert"]
[Result "1/2-1/2"]
[WhiteElo "2472"]
[BlackElo "2345"]
[PlyCount "32"]
[EventDate "2014.10.10"]
[EventType "team-tourn"]
[EventRounds "11"]
[EventCountry "AUT"]
[SourceTitle "CBM 163 Extra"]
[Source "ChessBase"]
[SourceDate "2014.12.23"]
[SourceVersion "1"]
[SourceVersionDate "2014.12.23"]
[SourceQuality "1"]
[WhiteTeam "Neumarkt"]
[BlackTeam "Dornbirn"]
[WhiteTeamCountry "AUT"]
[BlackTeamCountry "AUT"]

1. d4 f5 2. g3 Nf6 3. Bg2 g6 4. c3 Bg7 5. Qb3 Nc6 6. Nh3 e6 7. Nf4 Qe7 8. h4 d6 9. Nd2 e5 10. dxe5 dxe5 11. Nd5 Nxd5 12. Bxd5 Nd8 13. Nc4 c6 14. Bg5 Qc5 15. Bg2 Be6 16. Bxd8 Rxd8 1/2-1/2

[Event "EU-chT Seniors"]
[Site "Sibenik"]
[Date "2014.04.06"]
[Round "6.5"]
[White "Thoma, Robert"]
[Black "Scholes, James Edward"]
[Result "1-0"]
[WhiteElo "2342"]
[BlackElo "2103"]
[PlyCount "105"]
[EventDate "2014.04.01"]
[EventType "team-swiss"]
[EventRounds "9"]
[EventCountry "CRO"]
[SourceTitle "CBM 159 Extra"]
[Source "ChessBase"]
[SourceDate "2014.04.24"]
[SourceVersion "1"]
[SourceVersionDate "2014.04.24"]
[SourceQuality "1"]
[WhiteTeam "Austria Seniors"]
[BlackTeam "England Seniors"]
[WhiteTeamCountry "AUT"]
[BlackTeamCountry "ENG"]

1. Nf3 d5 2. d4 e6 3. Bf4 Bd6 4. Bg3 Nf6 5. e3 Ne4 6. Bd3 f5 7. Bxd6 cxd6 8. 0-0 0-0 9. c4 dxc4 10. Bxc4 d5 11. Bd3 a6 12. Qb3 Nc6 13. a4 Bd7 14. Nbd2 Rb8 15. Qa3 a5 16. Rac1 Nxd2 17. Nxd2 Nb4 18. Be2 Qb6 19. Rc3 Rbc8 20. Rfc1 Bc6 21. Nf3 Rc7 22. Ne5 Rfc8 23. g3 g6 24. h4 Kg7 25. Kg2 h5 26. Kg1 Kf6 27. Nf3 Be8 28. Ne5 Bc6 29. Kg2 Be8 30. Bb5 Bc6 31. Bxc6 bxc6 32. Qb3 Kg7 33. Nd3 Kf6 34. Nc5 Re7 35. Nd3 Rec7 36. Nc5 Re7 37. Qd1 Qb8 38. Rb3 Qd6 39. Nd3 Rb8 40. Ne5 Rc7 41. Rc5 Ra7 42. Qf3 Rg8 43. Qf4 Kg7 44. Nxg6 Qxf4 45. Nxf4 Kf6 46. Nxh5+ Ke7 47. Nf4 Kd6 48. Nd3 Rb8 49. Ne5 Rb6 50. f3 Rc7 51. Rxa5 c5 52. dxc5+ Rxc5 53. Rxc5 1-0

[Event "EU-chT Seniors"]
[Site "Sibenik"]
[Date "2014.04.05"]
[Round "5.3"]
[White "Plachetka, Jan"]
[Black "Thoma, Robert"]
[Result "1/2-1/2"]
[WhiteElo "2360"]
[BlackElo "2342"]
[PlyCount "99"]
[EventDate "2014.04.01"]
[EventType "team-swiss"]
[EventRounds "9"]
[EventCountry "CRO"]
[SourceTitle "CBM 159 Extra"]
[Source "ChessBase"]
[SourceDate "2014.04.24"]
[SourceVersion "1"]
[SourceVersionDate "2014.04.24"]
[SourceQuality "1"]
[WhiteTeam "Slovakia Seniors"]
[BlackTeam "Austria Seniors"]
[WhiteTeamCountry "SVK"]
[BlackTeamCountry "AUT"]

1. e4 g6 2. d4 Bg7 3. Nc3 c6 4. Nf3 d5 5. h3 Nf6 6. Bd3 dxe4 7. Nxe4 Nxe4 8. Bxe4 Nd7 9. 0-0 0-0 10. Re1 c5 11. c3 Qc7 12. Bc2 cxd4 13. Nxd4 Nc5 14. Be3 a6 15. Qe2 e5 16. Nf3 Re8 17. Qc4 Ne6 18. Qxc7 Nxc7 19. Bb3 Be6 20. Rad1 Bxb3 21. axb3 Ne6 22. Bb6 Nf8 23. b4 Rac8 24. Rd6 e4 25. Nd2 f5 26. Nb3 Be5 27. Rd5 Bc7 28. Bxc7 Rxc7 29. Nc5 Ne6 30. Nxe6 Rxe6 31. Kf1 Kf7 32. Ke2 Ree7 33. Red1 Ke6 34. Rd6+ Kf7 35. g3 Re6 36. Ke3 Rce7 37. R6d5 Kf6 38. b5 axb5 39. Rxb5 Rc7 40. Rd4 b6 41. Rd8 Rcc6 42. g4 Kg5 43. gxf5 gxf5 44. Rdd5 Rf6 45. Rb4 Rce6 46. Rbb5 Rf7 47. Rd4 Rff6 48. Rdd5 Rf7 49. f4+ exf3+ 50. Kxf3 1/2-1/2

[Event "EU-chT Seniors"]
[Site "Sibenik"]
[Date "2014.04.02"]
[Round "2.7"]
[White "Thoma, Robert"]
[Black "Nyberg, Ulf"]
[Result "1-0"]
[WhiteElo "2342"]
[BlackElo "2141"]
[PlyCount "155"]
[EventDate "2014.04.01"]
[EventType "team-swiss"]
[EventRounds "9"]
[EventCountry "CRO"]
[SourceTitle "CBM 159 Extra"]
[Source "ChessBase"]
[SourceDate "2014.04.24"]
[SourceVersion "1"]
[SourceVersionDate "2014.04.24"]
[SourceQuality "1"]
[WhiteTeam "Austria Seniors"]
[BlackTeam "Sweden Seniors II"]
[WhiteTeamCountry "AUT"]
[BlackTeamCountry "SWE"]

1. c4 e5 2. g3 Nf6 3. Bg2 Bc5 4. Nc3 0-0 5. e3 a6 6. Nge2 d6 7. d4 Ba7 8. 0-0 Nc6 9. h3 Bf5 10. Kh2 Re8 11. a3 exd4 12. exd4 h6 13. b4 Ne4 14. Be3 Nxc3 15. Nxc3 Qc8 16. Qd2 Ne7 17. Rfe1 c6 18. d5 Bxe3 19. Rxe3 Qd7 20. Rae1 cxd5 21. Nxd5 Nxd5 22. Rxe8+ Rxe8 23. Rxe8+ Qxe8 24. Qxd5 Be6 25. Qxd6 Bxc4 26. Bxb7 Qe2 27. Qd8+ Kh7 28. Qd4 g6 29. a4 Be6 30. h4 Bb3 31. Qb6 Bxa4 32. Bxa6 Qf3 33. Bb7 Qf5 34. Qc5 Qd7 35. Bd5 Kg7 36. Bf3 Bb5 37. Qe5+ f6 38. Qd5 Qxd5 39. Bxd5 g5 40. Be4 Kf7 41. f4 Ke6 42. Kg2 Kd6 43. Kf3 Bd7 44. Ke3 Bb5 45. Kd4 Ba6 46. Bd3 Bc8 47. b5 gxh4 48. gxh4 Bh3 49. Be4 Bf1 50. b6 Bh3 51. b7 Kc7 52. Kc5 Bg4 53. Bd5 Bd1 54. Bc6 Bc2 55. Kd5 Bb3+ 56. Ke4 Bc2+ 57. Kf3 Bd1+ 58. Kg3 Be2 59. Kf2 Bd1 60. Ke3 Bc2 61. Be4 Bb3 62. Kd4 Be6 63. Kc5 Bh3 64. Bd5 Bg4 65. b8Q+ Kxb8 66. Kd6 Bd1 67. Ke6 Kc8 68. Kxf6 Kd8 69. Bc6 Bc2 70. Bb5 Be4 71. Kf7 Bc2 72. Bc4 Be4 73. Be6 Bf3 74. f5 Bh5+ 75. Kg7 Ke7 76. Kxh6 Be8 77. Kg7 Bh5 78. Bc4 1-0

[Event "AUT-chT2W 0102"]
[Site "Austria"]
[Date "2002.03.10"]
[Round "11.1"]
[White "Schlosser, Philipp"]
[Black "Thoma, Robert"]
[Result "1-0"]
[WhiteElo "2472"]
[BlackElo "2361"]
[PlyCount "107"]
[EventDate "2001.10.12"]
[EventType "team"]
[EventRounds "11"]
[EventCountry "AUT"]
[SourceTitle "EXT 2002"]
[Source "ChessBase"]
[SourceDate "2001.11.25"]
[SourceVersion "1"]
[SourceVersionDate "2001.11.25"]
[SourceQuality "1"]

1. d4 e6 2. c4 f5 3. Nc3 Nf6 4. e3 b6 5. Bd3 Bb7 6. f3 c5 7. Nge2 a6 8. 0-0 Bd6 9. b3 Qc7 10. h3 Nc6 11. d5 exd5 12. Bxf5 dxc4 13. bxc4 Ne5 14. Qb3 Bc6 15. a4 Qb7 16. e4 g6 17. Bg5 gxf5 18. Bxf6 0-0 19. Bxe5 Bxe5 20. exf5 Rxf5 21. Rab1 Rb8 22. a5 Bd4+ 23. Nxd4 cxd4 24. Ne2 Rxa5 25. Nxd4 Rc5 26. Rfe1 Qc7 27. Rbd1 Re5 28. Rxe5 Qxe5 29. Nxc6 dxc6 30. c5+ Kf8 31. cxb6 Qc5+ 32. Kh2 Qxb6 33. Qe6 Qc7+ 34. Kh1 a5 35. Qf6+ Kg8 36. Qg5+ Kh8 37. Qf6+ Kg8 38. Qe6+ Kh8 39. Rc1 Rd8 40. Qf6+ Kg8 41. Qg5+ Kh8 42. f4 Rf8 43. Rc4 Qd6 44. Kh2 h6 45. Qg3 Qf6 46. Qe3 Ra8 47. Qe4 Rc8 48. Rc5 Qd6 49. Rxa5 c5 50. Ra7 Rc7 51. Ra8+ Kg7 52. Re8 Rf7 53. Kg3 c4 54. Qxc4 1-0

[Event "AUT-chT2W 0102"]
[Site "Austria"]
[Date "2002.01.13"]
[Round "8.1"]
[White "Thoma, Robert"]
[Black "Bezler, Rainer"]
[Result "1/2-1/2"]
[WhiteElo "2361"]
[BlackElo "2269"]
[PlyCount "29"]
[EventDate "2001.10.12"]
[EventType "team"]
[EventRounds "11"]
[EventCountry "AUT"]
[SourceTitle "EXT 2002"]
[Source "ChessBase"]
[SourceDate "2001.11.25"]
[SourceVersion "1"]
[SourceVersionDate "2001.11.25"]
[SourceQuality "1"]

1. Nf3 d6 2. d4 Nf6 3. c4 g6 4. Nc3 Bg7 5. e3 0-0 6. Be2 b6 7. b3 c5 8. Bb2 Bb7 9. 0-0 Nc6 10. d5 Nb8 11. Qc2 e5 12. Nd2 Nbd7 13. a3 a6 14. b4 Ne8 15. Nb3 1/2-1/2

[Event "AUT-chT 0102"]
[Site "Austria"]
[Date "2001.11.03"]
[Round "4.6"]
[White "Thoma, Robert"]
[Black "Janetschek, Karl"]
[Result "1/2-1/2"]
[WhiteElo "2358"]
[BlackElo "2326"]
[PlyCount "30"]
[EventDate "2001.10.31"]
[EventType "team-tourn"]
[EventRounds "11"]
[EventCountry "AUT"]
[SourceTitle "EXT 2002"]
[Source "ChessBase"]
[SourceDate "2001.11.25"]
[SourceVersion "1"]
[SourceVersionDate "2001.11.25"]
[SourceQuality "1"]
[WhiteTeam "Hohenems"]
[BlackTeam "Hietzing/Fischer SK"]
[WhiteTeamCountry "AUT"]
[BlackTeamCountry "AUT"]

1. Nf3 c5 2. c4 g6 3. Nc3 Nc6 4. e3 Nf6 5. d4 cxd4 6. exd4 d5 7. cxd5 Nxd5 8. Bc4 Nb6 9. Bb5 Bg7 10. 0-0 0-0 11. Bxc6 bxc6 12. Bf4 Bg4 13. Be5 Bxe5 14. dxe5 Qc7 15. Qe2 Rad8 1/2-1/2

[Event "AUT-chT 0102"]
[Site "Austria"]
[Date "2001.11.02"]
[Round "3.6"]
[White "Loebler, Heimo"]
[Black "Thoma, Robert"]
[Result "1/2-1/2"]
[WhiteElo "2232"]
[BlackElo "2358"]
[PlyCount "36"]
[EventDate "2001.10.31"]
[EventType "team-tourn"]
[EventRounds "11"]
[EventCountry "AUT"]
[SourceTitle "EXT 2002"]
[Source "ChessBase"]
[SourceDate "2001.11.25"]
[SourceVersion "1"]
[SourceVersionDate "2001.11.25"]
[SourceQuality "1"]
[WhiteTeam "Graz Austria"]
[BlackTeam "Hohenems"]
[WhiteTeamCountry "AUT"]
[BlackTeamCountry "AUT"]

1. Nf3 d5 2. g3 Bg4 3. Bg2 Nd7 4. 0-0 Ngf6 5. d3 e6 6. Nbd2 Be7 7. b3 0-0 8. c4 c6 9. Bb2 a5 10. a3 Bc5 11. h3 Bh5 12. Qc2 h6 13. e4 dxe4 14. dxe4 Qc7 15. e5 Bg6 16. Qc3 Ne4 17. Nxe4 Bxe4 18. Nd2 Bxg2 1/2-1/2

[Event "AUT-chT 0102"]
[Site "Austria"]
[Date "2001.11.01"]
[Round "2.6"]
[White "Thoma, Robert"]
[Black "Watzka, Horst"]
[Result "1/2-1/2"]
[WhiteElo "2358"]
[BlackElo "2364"]
[PlyCount "50"]
[EventDate "2001.10.31"]
[EventType "team-tourn"]
[EventRounds "11"]
[EventCountry "AUT"]
[SourceTitle "EXT 2002"]
[Source "ChessBase"]
[SourceDate "2001.11.25"]
[SourceVersion "1"]
[SourceVersionDate "2001.11.25"]
[SourceQuality "1"]
[WhiteTeam "Hohenems"]
[BlackTeam "Graz Merkur Versicherung"]
[WhiteTeamCountry "AUT"]
[BlackTeamCountry "AUT"]

1. Nf3 c5 2. c4 Nc6 3. Nc3 g6 4. g3 Bg7 5. Bg2 e5 6. d3 d6 7. a3 Nge7 8. Rb1 a5 9. 0-0 0-0 10. Ne1 Be6 11. Nd5 Rb8 12. Nxe7+ Nxe7 13. b4 cxb4 14. axb4 b5 15. cxb5 Rxb5 16. Bd2 axb4 17. Rxb4 Rxb4 18. Bxb4 Qb6 19. Bd2 h6 20. Nf3 Rb8 21. Qc1 Kh7 22. Qa3 Nf5 23. e4 Nd4 24. Nxd4 Qxd4 25. Be3 Qb4 1/2-1/2

[Event "AUT-chT 0102"]
[Site "Austria"]
[Date "2001.10.31"]
[Round "1.6"]
[White "Hoellrigl, Wilfried"]
[Black "Thoma, Robert"]
[Result "1/2-1/2"]
[WhiteElo "2196"]
[BlackElo "2358"]
[PlyCount "150"]
[EventDate "2001.10.31"]
[EventType "team-tourn"]
[EventRounds "11"]
[EventCountry "AUT"]
[SourceTitle "EXT 2002"]
[Source "ChessBase"]
[SourceDate "2001.11.25"]
[SourceVersion "1"]
[SourceVersionDate "2001.11.25"]
[SourceQuality "1"]
[WhiteTeam "Jenbach SK Sparkasse"]
[BlackTeam "Hohenems"]
[WhiteTeamCountry "AUT"]
[BlackTeamCountry "AUT"]

1. e4 e6 2. d4 d5 3. e5 c5 4. c3 Nc6 5. Nf3 Bd7 6. a3 Rc8 7. b4 cxd4 8. cxd4 Qb6 9. Be3 Nh6 10. Bd3 Nf5 11. Bxf5 exf5 12. 0-0 Be7 13. Nc3 Be6 14. Na4 Qd8 15. Nc5 b6 16. Nb3 0-0 17. Qd2 a5 18. b5 Na7 19. a4 Qd7 20. Rfc1 Rc4 21. Rxc4 dxc4 22. d5 cxb3 23. dxe6 Qxe6 24. Nd4 Qxe5 25. Nxb3 Rd8 26. Bd4 Qd6 27. g3 Bf6 28. Bxf6 Qxf6 29. Re1 g6 30. Qe3 Nc8 31. Nd2 Ne7 32. Qxe7 Qxe7 33. Rxe7 Rxd2 34. Rb7 Ra2 35. Rxb6 Rxa4 36. Ra6 Kg7 37. b6 Rb4 38. Rxa5 Rxb6 39. Kg2 h5 40. h4 Rb3 41. Ra6 Rb4 42. Rc6 Ra4 43. Rb6 Rd4 44. Ra6 Rg4 45. f3 Rb4 46. f4 Rd4 47. Kf3 Rd3+ 48. Kf2 Kf8 49. Ra7 Rd6 50. Kf3 Kg7 51. Rb7 Kf6 52. Ra7 Ke6 53. Ra5 Rd3+ 54. Kf2 Rd7 55. Kf3 Kd6 56. Kf2 Rc7 57. Kf3 Kc6 58. Kf2 Rb7 59. Kf3 Rb3+ 60. Kf2 Rb5 61. Ra7 Rb7 62. Ra5 Kb6 63. Re5 Ra7 64. Kf3 Kc6 65. Kf2 Kd6 66. Kf3 Ra3+ 67. Kf2 Ra8 68. Rb5 Kc6 69. Re5 Ra2+ 70. Kf3 Ra7 71. Kf2 Kd6 72. Kf3 Ra3+ 73. Kf2 Ra8 74. Rb5 Ra6 75. Kf3 Ra3+ 1/2-1/2

[Event "AUT-chT2W 0102"]
[Site "Austria"]
[Date "2001.10.14"]
[Round "3.1"]
[White "Thoma, Robert"]
[Black "Dobosz, Henryk"]
[Result "1/2-1/2"]
[WhiteElo "2361"]
[BlackElo "2400"]
[PlyCount "58"]
[EventDate "2001.10.12"]
[EventType "team"]
[EventRounds "11"]
[EventCountry "AUT"]
[SourceTitle "EXT 2002"]
[Source "ChessBase"]
[SourceDate "2001.11.25"]
[SourceVersion "1"]
[SourceVersionDate "2001.11.25"]
[SourceQuality "1"]

1. Nf3 d5 2. g3 Bg4 3. Bg2 Nd7 4. c4 e6 5. cxd5 exd5 6. d3 Ngf6 7. 0-0 Bc5 8. Qc2 0-0 9. Nbd2 Re8 10. h3 Bh5 11. Nb3 Bb6 12. a4 a5 13. Nbd4 Qe7 14. Re1 Bg6 15. b3 Rac8 16. Ba3 c5 17. Nb5 Nb8 18. Nh4 Na6 19. Nxg6 hxg6 20. Rac1 Qd7 21. e4 Nb4 22. Qb1 Rcd8 23. Rcd1 Re7 24. Nc3 Rde8 25. exd5 Nfxd5 26. Nxd5 Nxd5 27. Rxe7 Rxe7 28. Qc2 Nb4 29. Bxb4 axb4 1/2-1/2

[Event "AUT-chT2W 0102"]
[Site "Austria"]
[Date "2001.10.13"]
[Round "2.1"]
[White "Volke, Karsten"]
[Black "Thoma, Robert"]
[Result "1-0"]
[WhiteElo "2467"]
[BlackElo "2361"]
[PlyCount "69"]
[EventDate "2001.10.12"]
[EventType "team"]
[EventRounds "11"]
[EventCountry "AUT"]
[SourceTitle "EXT 2002"]
[Source "ChessBase"]
[SourceDate "2001.11.25"]
[SourceVersion "1"]
[SourceVersionDate "2001.11.25"]
[SourceQuality "1"]

1. e4 c5 2. Nf3 a6 3. c3 d5 4. exd5 Qxd5 5. d4 Nf6 6. Be2 cxd4 7. cxd4 e6 8. 0-0 Be7 9. Nc3 Qd6 10. Ne5 Nc6 11. Nxc6 bxc6 12. Bg5 0-0 13. Qd2 Rd8 14. Rfd1 Qb4 15. Bxf6 Bxf6 16. Nd5 Qxd2 17. Nxf6+ gxf6 18. Rxd2 c5 19. Rad1 cxd4 20. Rxd4 Rxd4 21. Rxd4 Bb7 22. Bc4 Rc8 23. b3 a5 24. f3 Bc6 25. Kf2 f5 26. Bd3 Kf8 27. Rh4 Kg7 28. Ke3 Rb8 29. Kd2 Rb4 30. Rxb4 axb4 31. Ke3 Kf6 32. Kd4 e5+ 33. Kc5 e4 34. Be2 Bb7 35. f4 1-0

[Event "EU-Cup 17th"]
[Site "Panormo"]
[Date "2001.09.27"]
[Round "5.6"]
[White "Thoma, Robert"]
[Black "Csiszar, Csaba"]
[Result "0-1"]
[WhiteElo "2358"]
[BlackElo "2364"]
[PlyCount "98"]
[EventDate "2001.09.22"]
[EventType "team-swiss"]
[EventRounds "7"]
[EventCountry "GRE"]
[SourceTitle "CBM 084 Extra"]
[Source "ChessBase"]
[SourceDate "2001.10.26"]
[SourceVersion "1"]
[SourceVersionDate "2001.10.26"]
[SourceQuality "1"]
[WhiteTeam "Hohenems"]
[BlackTeam "Zalaegerszeg"]
[WhiteTeamCountry "AUT"]
[BlackTeamCountry "HUN"]

1. Nf3 Nf6 2. c4 e6 3. e3 c5 4. Be2 g6 5. b3 Bg7 6. Bb2 0-0 7. 0-0 b6 8. Qc2 Bb7 9. d3 d6 10. Nbd2 Nbd7 11. Rfd1 a6 12. Rac1 Rc8 13. Qb1 e5 14. Ne1 Qe7 15. Bf3 d5 16. Nf1 Rfe8 17. Qa1 Ba8 18. a3 h5 19. Rc2 Rcd8 20. Rcd2 Bh6 21. Rc2 Rb8 22. a4 a5 23. Nd2 d4 24. Nf1 Nh7 25. Re2 Qd6 26. Bc1 Bg7 27. Bxa8 Rxa8 28. e4 f5 29. f3 Rf8 30. Nc2 Rf7 31. Na3 Qc6 32. Nb5 Ndf8 33. exf5 gxf5 34. Rde1 h4 35. Bd2 Ng6 36. Qd1 Re8 37. Bc1 Rfe7 38. Rf2 Bf6 39. g4 fxg4 40. fxg4 Nf4 41. Bxf4 exf4 42. Rxe7 Rxe7 43. Nd2 Ng5 44. Ne4 Nxe4 45. dxe4 Qxe4 46. Qf1 f3 47. h3 Be5 48. Na3 Bg3 49. Rd2 Qe3+ 0-1

[Event "AUT-chT2W 0001"]
[Site "Austria"]
[Date "2001.01.13"]
[Round "7"]
[White "Thoma, Robert"]
[Black "Ferrari, Josef"]
[Result "1-0"]
[WhiteElo "2313"]
[BlackElo "2132"]
[PlyCount "111"]
[EventDate "2000.??.??"]
[EventType "team"]
[EventRounds "9"]
[EventCountry "AUT"]
[SourceTitle "EXT 2002"]
[Source "ChessBase"]
[SourceDate "2001.11.25"]
[SourceVersion "1"]
[SourceVersionDate "2001.11.25"]
[SourceQuality "1"]

1. Nf3 d5 2. b3 Nf6 3. Bb2 g6 4. e3 Bg7 5. c4 c6 6. Be2 0-0 7. Qc2 Na6 8. d3 Nc7 9. 0-0 a5 10. Nbd2 Bg4 11. Rfe1 Nd7 12. Bxg7 Kxg7 13. cxd5 cxd5 14. Rac1 Ne6 15. h3 Bxf3 16. Nxf3 Nf6 17. Qb2 Kg8 18. Ne5 Qd6 19. d4 Rfc8 20. Rc2 Rxc2 21. Qxc2 a4 22. bxa4 Qb4 23. Rb1 Qxa4 24. Qxa4 Rxa4 25. Rxb7 Rxa2 26. Bf3 Kf8 27. Nd7+ Nxd7 28. Rxd7 Ra1+ 29. Kh2 h5 30. Bxd5 h4 31. Bxe6 fxe6 32. Rd8+ Kg7 33. Re8 Kf7 34. Rh8 g5 35. g3 hxg3+ 36. Kxg3 Kf6 37. Rf8+ Kg7 38. Rc8 Rg1+ 39. Kf3 Rh1 40. Kg2 Ra1 41. Rc6 Kf7 42. Rc5 Kf6 43. Rc6 Kf7 44. Rc2 Kf6 45. Rb2 Rc1 46. Rb8 Kf7 47. Rb5 Kf6 48. Re5 Ra1 49. Re4 Kf5 50. Rg4 Ra2 51. Kf3 Rb2 52. Rg1 Ra2 53. Rf1 Ra3 54. Rb1 Ra2 55. Rb6 Kf6 56. d5 1-0

[Event "Edinburgh op"]
[Site "Edinburgh"]
[Date "2000.??.??"]
[Round "4"]
[White "Roberts, Paul"]
[Black "Thoma, Robert"]
[Result "1-0"]
[WhiteElo "2148"]
[BlackElo "2297"]
[PlyCount "49"]
[EventDate "2000.??.??"]
[EventType "swiss"]
[EventRounds "5"]
[EventCountry "SCO"]
[SourceTitle "EXT 2001"]
[Source "ChessBase"]
[SourceDate "2000.11.22"]
[SourceVersion "1"]
[SourceVersionDate "2000.11.22"]
[SourceQuality "1"]

1. e4 e6 2. d4 d5 3. Nd2 dxe4 4. Nxe4 Bd7 5. Nf3 Bc6 6. Bd3 Nf6 7. Nxf6+ gxf6 8. Bf4 Bd6 9. Bg3 Nd7 10. Qe2 Nb6 11. 0-0-0 Nd5 12. c4 Nf4 13. Bxf4 Bxf4+ 14. Kb1 Ke7 15. d5 Ba4 16. Bc2 Bxc2+ 17. Kxc2 Qg8 18. Nh4 Qg5 19. g3 Rhe8 20. Qe4 Bd6 21. dxe6 fxe6 22. Rd5 Qg8 23. Rh5 Kd8 24. c5 f5 25. Qxb7 1-0

[Event "AUT-chT3 9899"]
[Site "Austria"]
[Date "1999.02.05"]
[Round "8"]
[White "Dobosz, Henryk"]
[Black "Thoma, Robert"]
[Result "1/2-1/2"]
[WhiteElo "2410"]
[BlackElo "2285"]
[PlyCount "83"]
[EventDate "1998.??.??"]
[EventType "team"]
[EventRounds "9"]
[EventCountry "AUT"]
[SourceTitle "EXT 2002"]
[Source "ChessBase"]
[SourceDate "2001.11.25"]
[SourceVersion "1"]
[SourceVersionDate "2001.11.25"]
[SourceQuality "1"]

1. e4 c5 2. g3 Nc6 3. Bg2 g6 4. f4 Bg7 5. Nf3 d6 6. 0-0 e6 7. Na3 Nge7 8. c3 0-0 9. Nc2 d5 10. exd5 Nxd5 11. d4 Qb6 12. dxc5 Qxc5+ 13. Rf2 b6 14. Qe2 Bb7 15. Ne3 Nf6 16. Ne5 Rac8 17. Qc4 Na5 18. Qxc5 bxc5 19. N3c4 Bxg2 20. Kxg2 Nxc4 21. Nxc4 Rfd8 22. Be3 Nd5 23. Kf3 Nb6 24. Nxb6 axb6 25. a4 Rc6 26. Rd2 Rxd2 27. Bxd2 Rc7 28. Be3 f5 29. Ke2 Kf7 30. Kd3 c4+ 31. Kc2 Rc6 32. a5 bxa5 33. Rxa5 Rc7 34. Bb6 Rb7 35. Bd4 Bxd4 36. cxd4 h6 37. Rc5 Rb4 38. Rc7+ Kf6 39. Rc6 Kf7 40. Rc7+ Kf6 41. Rh7 Rb3 42. Rc7 1/2-1/2

[Event "AUT-chT 9899"]
[Site "Austria"]
[Date "1999.??.??"]
[Round "?"]
[White "Neuschmied, Siegfried"]
[Black "Thoma, Robert"]
[Result "1/2-1/2"]
[WhiteElo "2205"]
[BlackElo "2285"]
[PlyCount "40"]
[EventDate "1998.??.??"]
[EventType "team"]
[EventRounds "11"]
[EventCountry "AUT"]
[SourceTitle "EXT 2000"]
[Source "ChessBase"]
[SourceDate "1999.11.16"]
[SourceVersion "1"]
[SourceVersionDate "1999.11.16"]
[SourceQuality "1"]

1. e4 d6 2. d4 g6 3. Nc3 Bg7 4. Be3 c6 5. a4 a5 6. h3 Nf6 7. Nf3 0-0 8. Be2 Qc7 9. 0-0 e5 10. Nd2 Ng4 11. hxg4 exd4 12. Bf4 dxc3 13. bxc3 Be6 14. Nf3 Rd8 15. Nd4 Na6 16. Bg5 Re8 17. f4 Nc5 18. Bd3 Bd7 19. Qf3 d5 20. exd5 Nxd3 1/2-1/2

[Event "Oberwart op"]
[Site "Oberwart"]
[Date "1999.??.??"]
[Round "2"]
[White "Ruck, Robert"]
[Black "Thoma, Robert"]
[Result "1-0"]
[WhiteElo "2485"]
[BlackElo "2310"]
[PlyCount "57"]
[EventDate "1999.07.??"]
[EventType "swiss"]
[EventRounds "9"]
[EventCountry "AUT"]
[SourceTitle "EXT 2000"]
[Source "ChessBase"]
[SourceDate "1999.11.16"]
[SourceVersion "1"]
[SourceVersionDate "1999.11.16"]
[SourceQuality "1"]

1. c4 c5 2. g3 g6 3. Bg2 Bg7 4. Nc3 Nc6 5. Nf3 d6 6. a3 e5 7. 0-0 Nge7 8. Ne1 0-0 9. Nc2 a6 10. b4 Be6 11. bxc5 dxc5 12. Rb1 Bxc4 13. Ne3 Be6 14. Rxb7 Rb8 15. Rxb8 Qxb8 16. Qa4 Qc8 17. d3 Rd8 18. Nc4 f5 19. Bb2 e4 20. dxe4 Rd4 21. Nd5 Rxc4 22. Qxc4 Bxb2 23. Qxc5 Kf7 24. exf5 Bxf5 25. Rd1 Qe6 26. Ne3 Be4 27. Rd6 Qe5 28. Qc4+ Kg7 29. Re6 1-0

[Event "Liechtenstein op 17th"]
[Site "Schaan"]
[Date "1999.??.??"]
[Round "4"]
[White "Thoma, Robert"]
[Black "Raddatz, Michael"]
[Result "1-0"]
[WhiteElo "2290"]
[BlackElo "2100"]
[PlyCount "96"]
[EventDate "1999.05.??"]
[EventType "swiss"]
[EventRounds "9"]
[EventCountry "LIE"]
[SourceTitle "EXT 2000"]
[Source "ChessBase"]
[SourceDate "1999.11.16"]
[SourceVersion "1"]
[SourceVersionDate "1999.11.16"]
[SourceQuality "1"]

1. Nf3 Nf6 2. c4 e6 3. g3 b6 4. Bg2 Bb7 5. 0-0 Be7 6. d4 d6 7. Nc3 Nbd7 8. d5 exd5 9. cxd5 0-0 10. Nd4 a6 11. Nf5 Re8 12. e4 b5 13. Qd4 Bf8 14. h3 Nc5 15. Bg5 h6 16. Nxh6+ gxh6 17. Bxf6 Be7 18. Bxe7 Qxe7 19. b4 Nd7 20. f4 Qf6 21. Qxf6 Nxf6 22. a4 c6 23. dxc6 Bxc6 24. Rfd1 bxa4 25. Rxd6 Re6 26. Rxe6 fxe6 27. e5 Bxg2 28. Kxg2 Rc8 29. Ra3 Nd7 30. Nxa4 Kf7 31. Nc5 Nb6 32. Nxa6 Nd5 33. Rb3 Rc2+ 34. Kf3 h5 35. b5 Nb6 36. Ke4 h4 37. gxh4 Rc4+ 38. Kf3 Kg6 39. Kg4 Nd7 40. h5+ Kh6 41. b6 Nxe5+ 42. Kg3 Nd7 43. b7 e5 44. fxe5 Rc6 45. Rd3 Rxa6 46. Rxd7 Ra3+ 47. Kf4 Rb3 48. e6 Rb4+ 1-0